Počtovnica pre 3. postupný ročník ľudových škôl

Bibliographic Details
Main Authors: Masár, Fridrich, 1903-1973 (Author), Šteinhíbel, Michal, 1901-1988 (Author), Vencel, Peter, 1886-1968 (Author)
Other Authors: Horváth, Štefan, 1912-1965 (Illustrator)
Format: Book
Language:Slovak
PhysicalDescription:168, [3] s. ilustr. 8°
Published: Bratislava Štátne nakladateľstvo 1948
Subjects:

MARC

LEADER 00000cam a2200000 a 4500
001 vtls008384729
003 SK-MaSNL
005 20260302074700.0
008 230403s1948 xo 000 0 slo
015 |a SNBA19451955-007281 
035 |a SK01SNKBKSFS20010076946 
035 |a urn:nbn:sk:snk-am3hr4k 
035 |a 1B78C0C1-2AF5-47DC-ABF6-687D5C0BD8A4 
035 |a urn:nbn:sk:snk-am00d6ap 
035 |a SKM000079409 
040 |a SNK  |b slo  |c SNK  |e AACR2 
041 0 |a slo 
044 |a xo  |c SK 
080 |a 372(075)  |2 1981 
100 1 |a Masár, Fridrich,  |d 1903-1973  |4 aut  |9 180661 
245 1 0 |a Počtovnica pre 3. postupný ročník ľudových škôl  |c F. Masár, M. Šteinhíbel, P. Vencel ; obrázky nakreslil: Štefan Horváth 
260 |a Bratislava  |b Štátne nakladateľstvo  |c 1948  |e Turčiansky Sv. Martin  |f Kníhtlačiarsky účastinársky spolok 
300 |a 168, [3] s.  |b ilustr.  |c 8° 
650 0 7 |a matematika  |2 SNKPH  |9 70174 
655 7 |a učebnice základných škôl  |2 SNKPH  |9 70187 
700 1 |a Šteinhíbel, Michal,  |d 1901-1988  |4 aut  |9 37664 
700 1 |a Vencel, Peter,  |d 1886-1968  |4 aut  |9 173599 
700 1 |a Horváth, Štefan,  |d 1912-1965  |4 ill  |9 180384 
852 |a Slovenská národná knižnica 
954 |a odborná, vedecká literatúra pôvodná (slovenská)  |2 lita 
958 |a OND 
958 |a RK 
958 |a TL 
958 |a EUIPO 
999 |c 1166050  |d 1167980 
952 |a SNK  |b SNK  |y VYP  |7 0  |p 17A0588486  |o snkSD 6011 D1  |i snkKSF 3161/56  |8 5  |0 0  |1 0  |4 0  |d 2008-06-18  |l 0  |r 2026-02-24 20:48:47  |w 2026-02-24 
952 |a SNK  |b SNK  |y VYP  |7 0  |p 17A0588487  |o snkSD 6011 D2  |i snkF 2771/63  |8 5  |0 0  |1 0  |4 0  |d 2008-06-18  |l 0  |r 2026-02-24 20:48:47  |w 2026-02-24 
952 |a SNK  |b SNK  |y PREZ  |7 0  |p 17A0909910  |o snkSD 6011  |i snk4833/48  |0 0  |1 0  |4 0  |d 2018-12-05  |f 1  |l 0  |r 2025-11-13 00:00:00  |w 2026-02-24